О непрерывной системе подготовки специалистов по неразрушающему контролю в ТПУ; Технический университет: реформы в обществе и открытое образовательное пространство; Т. 1

Detalles Bibliográficos
Parent link:Технический университет: реформы в обществе и открытое образовательное пространство: труды Международной научно-практической конференции, 14-17 мая 1996 г., Томск/ Томский политехнический университет.— , 1996
Т. 1.— 1996.— С. 63
Outros autores: Кулешов В. К. Валерий Константинович, Сертаков Ю. И. Юрий Иванович, Чахлов В. Л. Владимир Лукьянович, Капранов Б. И. Борис Иванович, Шумихин В. Ф. Вячеслав Федорович
Idioma:ruso
Publicado: 1996
Subjects:
Formato: MixedMaterials Capítulo de libro
KOHA link:https://koha.lib.tpu.ru/cgi-bin/koha/opac-detail.pl?biblionumber=51502

MARC

LEADER 00000naa2a2200000 4500
001 51502
005 20251201131240.0
035 |a (RuTPU)RU\TPU\book\53925 
035 |a RU\TPU\book\53760 
090 |a 51502 
100 |a 20030505d1996 k y0rusy50 ca 
101 0 |a rus 
102 |a RU 
200 1 |a О непрерывной системе подготовки специалистов по неразрушающему контролю в ТПУ  |f В. К. Кулешов [и др.] 
461 1 |0 (RuTPU)RU\TPU\book\127170  |t Технический университет: реформы в обществе и открытое образовательное пространство  |o труды Международной научно-практической конференции, 14-17 мая 1996 г., Томск  |o в 2 т.  |f Томский политехнический университет  |d 1996 
463 1 |0 (RuTPU)RU\TPU\book\2392  |t Т. 1  |v С. 63  |d 1996 
610 1 |a труды учёных ТПУ 
701 1 |a Кулешов  |b В. К.  |c специалист в области неразрушающего контроля  |c профессор Томского политехнического университета, доктор технических наук  |f 1939-  |g Валерий Константинович  |3 (RuTPU)RU\TPU\pers\19828  |4 070 
701 1 |a Сертаков  |b Ю. И.  |c специалист в области неразрушающего контроля  |c инженер Томского политехнического университета, кандидат технических наук  |f 1938-  |g Юрий Иванович  |3 (RuTPU)RU\TPU\pers\26831  |4 070 
701 1 |a Чахлов  |b В. Л.  |c физик  |c заслуженный деятель науки и техники Российской Федерации  |c заслуженный профессор Томского политехнического университета, доктор технических наук  |f 1934-2011  |g Владимир Лукьянович  |3 (RuTPU)RU\TPU\pers\19882  |4 070 
701 1 |a Капранов  |b Б. И.  |c российский учёный в области физических методов и приборов контроля качества  |c профессор Томского политехнического университета  |g Борис Иванович  |3 (RuTPU)RU\TPU\pers\26476  |4 070 
701 1 |a Шумихин  |b В. Ф.  |c специалист в области неразрушающего контроля  |c директор Аттестационного регионального центра по подготовке и аттестации специалистов неразрушающего контроля Томского политехнического университета  |g Вячеслав Федорович  |3 (RuTPU)RU\TPU\pers\28677 
801 1 |a RU  |b 63413507  |c 20030429  |g PSBO 
801 2 |a RU  |b 63413507  |c 20140412  |g PSBO 
942 |c BK